000 00432nam a2200181Ia 4500
008 090123s9999 xx 000 0 und d
082 _b24427
100 _aसानिया
245 _aवलय
250 _a1
260 _bज्ञानदा प्रकाशन
300 _a223
600 _aसानिया
630 _aवलय
700 _aसानिया
730 _aवलय
942 _cBOOK
999 _c62498
_d62498